[Event "12. Lichtenberger Sommer"]
[Site "Berlin"]
[Date "2013.08.22"]
[Round "6.44"]
[White "Möller, Dustin"]
[Black "Poseck, Steffen"]
[Result "1/2-1/2"]
[WhiteElo "1793"]
[BlackElo "2044"]
[PlyCount "118"]
[EventDate "2013.??.??"]
[WhiteTeam "Eckernförder SC von 1921"]
[BlackTeam "BSV 63 Chemie Weißensee"]

1. d4 Nf6 2. c4 e6 3. Nf3 d5 4. g3 c6 5. Bg2 a6 6. O-O b5 7. b3 Nbd7 8. Nbd2
Bb7 9. Bb2 Bb4 10. a3 Ba5 11. b4 Bc7 12. cxd5 cxd5 13. Nb3 Nb6 14. Nc5 Bc6 15.
Ne5 Bxe5 16. dxe5 Nfd7 17. Bd4 Nc4 18. e4 Nxc5 19. Bxc5 dxe4 20. Qg4 Qc7 21.
Bd6 Nxd6 22. exd6 Qxd6 23. Qxg7 O-O-O 24. Qxf7 Rd7 25. Qf6 Rf8 26. Qc3 Rc7 27.
Rac1 Rff7 28. Qc5 Qxc5 29. Rxc5 Bd5 30. Rfc1 Rxc5 31. Rxc5+ Kb7 32. Kf1 e3 33.
Bxd5+ exd5 34. Rxd5 Rxf2+ 35. Ke1 Rxh2 36. Re5 Kc6 37. Rxe3 Kd5 38. Rc3 Ra2 39.
Rf3 Ke4 40. Rc3 Kd4 41. Rf3 Kc4 42. Kd1 Ra1+ 43. Kc2 Ra2+ 44. Kc1 Rg2 45. Rf6
Rxg3 46. Rxa6 Kc3 47. Rc6+ Kb3 48. Rh6 Rc3+ 49. Kb1 Kxa3 50. Rxh7 Kb3 51. Rh1
Rg3 52. Rf1 Rg2 53. Rh1 Kxb4 54. Rf1 Ka4 55. Rh1 b4 56. Rf1 Ka3 57. Rh1 b3 58.
Rf1 Rb2+ 59. Ka1 Rh2 1/2-1/2

[Event "12. Lichtenberger Sommer"]
[Site "Berlin"]
[Date "2013.08.22"]
[Round "6.47"]
[White "Landt, Stefan"]
[Black "Kather, Yannick"]
[Result "0-1"]
[WhiteElo "1929"]
[BlackElo "1943"]
[PlyCount "36"]
[EventDate "2013.??.??"]
[WhiteTeam "SV Berolina Mitte e.V."]
[BlackTeam "SC Weisse Dame e.V."]

1. d4 Nf6 2. c4 g6 3. Nc3 d5 4. Nf3 Bg7 5. Qb3 dxc4 6. Qxc4 O-O 7. e4 a6 8. Be2
b5 9. Qb3 c5 10. dxc5 Bb7 11. e5 Nfd7 12. e6 Nxc5 13. exf7+ Rxf7 14. Qb4 Nd3+
15. Bxd3 Qxd3 16. Qb3 Bxf3 17. gxf3 Qxf3 18. Rg1 Qxf2+ 0-1

[Event "12. Lichtenberger Sommer"]
[Site "Berlin"]
[Date "2013.08.22"]
[Round "6.51"]
[White "Knauer, Frank"]
[Black "Lassan, Christian"]
[Result "0-1"]
[WhiteElo "1846"]
[BlackElo "2102"]
[PlyCount "78"]
[EventDate "2013.??.??"]
[WhiteTeam "FC ST.Pauli 1910 eV SAbt"]
[BlackTeam "BSV 63 Chemie Weißensee"]

1. Nf3 Nf6 2. d3 d5 3. g3 g6 4. Bg2 Bg7 5. c4 O-O 6. Nbd2 c5 7. cxd5 Qxd5 8.
Nc4 Nc6 9. O-O Qd8 10. Bd2 Nd5 11. Rb1 Rb8 12. a3 b5 13. e4 bxc4 14. exd5 Qxd5
15. Bf4 Rb6 16. Ne5 Qe6 17. Nxc6 Rxc6 18. dxc4 Rb6 19. Bd5 Qf5 20. b4 e6 21.
Bg2 Bd4 22. Qb3 Bb7 23. Bxb7 Rxb7 24. b5 e5 25. Be3 Rd8 26. Rbd1 Qf3 27. Rd3 e4
28. Qd1 Qf6 29. Rd2 Rbd7 30. a4 Qe6 31. Qe2 Bxe3 32. Rxd7 Rxd7 33. Qxe3 Rd4 34.
Rc1 Rxc4 35. Rd1 Kg7 36. a5 Rc2 37. Kg2 h5 38. Rb1 h4 39. Qb3 h3+ 0-1

[Event "12. Lichtenberger Sommer"]
[Site "Berlin"]
[Date "2013.08.22"]
[Round "6.52"]
[White "Hörmann, David"]
[Black "Kapr, Klaus"]
[Result "1-0"]
[WhiteElo "1907"]
[BlackElo "2069"]
[PlyCount "59"]
[EventDate "2013.??.??"]
[WhiteTeam "SC Weisse Dame e.V."]
[BlackTeam "SC Friesen Lichtenberg e.V."]

1. e4 c6 2. d4 d5 3. Nc3 dxe4 4. Nxe4 Bf5 5. Ng5 e6 6. Bc4 Be7 7. N5f3 Nf6 8.
Ne2 Nbd7 9. Bb3 O-O 10. h3 c5 11. c3 Be4 12. Ng3 Bxf3 13. Qxf3 cxd4 14. cxd4
Bb4+ 15. Ke2 e5 16. Rd1 exd4 17. Rxd4 Bc5 18. Rd1 Qb6 19. Bf4 Rfe8+ 20. Kf1 Ne5
21. Bxe5 Rxe5 22. Re1 Rae8 23. Rxe5 Rxe5 24. Rd1 g6 25. Qf4 Qb5+ 26. Bc4 Qxb2
27. Kg1 Kg7 28. Rd2 Qc1+ 29. Kh2 Re7 30. Nf5+ 1-0

[Event "12. Lichtenberger Sommer"]
[Site "Berlin"]
[Date "2013.08.22"]
[Round "6.55"]
[White "Kay, Jonathan"]
[Black "Adelberger, Georg"]
[Result "1-0"]
[WhiteElo "1953"]
[BlackElo "1924"]
[PlyCount "57"]
[EventDate "2013.??.??"]
[WhiteTeam "Athenaeum Chess Club London"]
[BlackTeam "SC Kreuzberg e.V."]

1. d4 Nf6 2. Nf3 d6 3. Nc3 g6 4. e4 Bg7 5. Be3 O-O 6. Qd2 b6 7. Bd3 c5 8. Bh6
cxd4 9. Nxd4 Bb7 10. h4 Nbd7 11. h5 Bxh6 12. Qxh6 Ng4 13. Qg5 e5 14. Qxg4 exd4
15. hxg6 f5 16. Qh3 Qe7 17. Bc4+ d5 18. Nxd5 Qxe4+ 19. Ne3+ Kg7 20. Qh6+ Kf6
21. g7+ Ke7 22. gxf8=Q+ Rxf8 23. Qxh7+ Kd8 24. Qh4+ Qxh4 25. Rxh4 dxe3 26. fxe3
Bxg2 27. O-O-O Kc7 28. Rh7 Bc6 29. Be6 1-0

[Event "12. Lichtenberger Sommer"]
[Site "Berlin"]
[Date "2013.08.22"]
[Round "6.56"]
[White "Albinus, Günter"]
[Black "Keusch, Horst"]
[Result "1/2-1/2"]
[WhiteElo "1844"]
[BlackElo "2021"]
[PlyCount "111"]
[EventDate "2013.??.??"]
[WhiteTeam "SG Weißensee 49 e.V."]
[BlackTeam "SC Friesen Lichtenberg e.V."]

1. Nf3 g6 2. d4 Bg7 3. c3 f5 4. Bf4 Nf6 5. Nbd2 d6 6. e3 Nh5 7. Bc4 Nxf4 8.
exf4 d5 9. Bb3 O-O 10. O-O c6 11. Re1 Qd6 12. Ne5 Nd7 13. Ndf3 Nf6 14. Ng5 Ne4
15. Nxe4 fxe4 16. Rxe4 Kh8 17. Re3 Rxf4 18. Qe2 Rf8 19. Re1 Bh6 20. Rf3 Kg8 21.
Bc2 Rxf3 22. Qxf3 Qf6 23. Bd1 Bc1 24. Nd3 Bh6 25. Qxf6 exf6 26. Re8+ Bf8 27.
Bg4 f5 28. Bd1 Kf7 29. Re1 Bd6 30. f4 b6 31. Ne5+ Kf6 32. Ba4 b5 33. Bb3 Be6
34. Nd3 a5 35. g3 b4 36. cxb4 axb4 37. Rc1 Rc8 38. Kg2 h6 39. Kf2 g5 40. Ba4
Bd7 41. Kf3 g4+ 42. Kf2 h5 43. Ne5 Be8 44. Nxc6 h4 45. Rc2 hxg3+ 46. hxg3 Rc7
47. Ke3 Rh7 48. Rg2 Rh1 49. Kd3 Rc1 50. Kd2 Rxc6 51. Bxc6 Bxc6 52. b3 Bb5 53.
Rg1 Be7 54. Ke3 Ke6 55. Kd2 Bf6 56. Ke3 1/2-1/2

[Event "12. Lichtenberger Sommer"]
[Site "Berlin"]
[Date "2013.08.22"]
[Round "6.57"]
[White "Schmidt, Jürgen"]
[Black "Bergmann, Jens"]
[Result "1-0"]
[WhiteElo "2024"]
[BlackElo "1920"]
[PlyCount "65"]
[EventDate "2013.??.??"]
[WhiteTeam "SC Kreuzberg e.V."]
[BlackTeam "SK Tempelhof 1931 e.V."]

1. e4 g6 2. d4 d6 3. Nf3 Bg7 4. Nc3 Nf6 5. Bc4 O-O 6. Bb3 h6 7. O-O Re8 8. Qe2
Nc6 9. e5 Ng4 10. h3 dxe5 11. hxg4 exd4 12. Ne4 Bxg4 13. Bxf7+ Kh8 14. Bxe8
Qxe8 15. Ng3 Qf7 16. Qe4 Bxf3 17. Qxf3 Qxf3 18. gxf3 Nb4 19. c3 Nc2 20. Rb1 b6
21. cxd4 Nxd4 22. Kg2 c5 23. b4 c4 24. Re1 e5 25. f4 c3 26. fxe5 a5 27. bxa5
Rxa5 28. Rxb6 Rxa2 29. e6 Nc2 30. Re4 Bd4 31. e7 Ne1+ 32. Rxe1 Rxf2+ 33. Kh3
1-0

[Event "12. Lichtenberger Sommer"]
[Site "Berlin"]
[Date "2013.08.22"]
[Round "6.58"]
[White "Schmidek, Emil"]
[Black "Krüger, Ekkehard"]
[Result "1/2-1/2"]
[WhiteElo "1931"]
[BlackElo "1806"]
[PlyCount "50"]
[EventDate "2013.??.??"]
[WhiteTeam "TuS Makkabi Berlin e.V."]
[BlackTeam "SG Narva Berlin e.V."]

1. e4 e5 2. Nf3 Nc6 3. Bb5 a6 4. Ba4 d6 5. c3 b5 6. Bc2 Be7 7. O-O Nf6 8. Re1
Bb7 9. d3 Qd7 10. Nbd2 Na5 11. Nf1 c5 12. Ng3 g6 13. d4 cxd4 14. cxd4 Nc6 15.
h3 h5 16. Bg5 Nh7 17. Bh6 Bf6 18. dxe5 Nxe5 19. Nxe5 Bxe5 20. Rb1 Nf8 21. Bxf8
Rxf8 22. Qd2 Qc6 23. Bb3 Qb6 24. Kh1 O-O-O 25. Bd5 Kb8 1/2-1/2

[Event "12. Lichtenberger Sommer"]
[Site "Berlin"]
[Date "2013.08.22"]
[Round "6.60"]
[White "Bieg, Pascal"]
[Black "Fiedler, Wolfgang"]
[Result "0-1"]
[WhiteElo "1859"]
[BlackElo "2012"]
[PlyCount "110"]
[EventDate "2013.??.??"]
[WhiteTeam "SC Kreuzberg e.V."]
[BlackTeam "SV Berolina Mitte e.V."]

1. e4 d5 2. exd5 Nf6 3. d4 Nxd5 4. Nf3 g6 5. c4 Nb6 6. Nc3 Bg7 7. c5 Nd5 8. Bc4
Nxc3 9. bxc3 O-O 10. O-O b6 11. cxb6 axb6 12. Re1 Nc6 13. Bg5 Ba6 14. Bb3 Qd6
15. Qd2 e6 16. Bh6 Na5 17. Bxg7 Kxg7 18. Qg5 Bb7 19. Qe5+ Kg8 20. Qxd6 cxd6 21.
Nd2 d5 22. Nf3 Rfc8 23. Rec1 Kg7 24. Kf1 Ba6+ 25. Ke1 Bc4 26. Bd1 Nc6 27. a3
Ra5 28. Ne5 Nxe5 29. dxe5 Rca8 30. Be2 b5 31. Bxc4 bxc4 32. Kd2 Rxa3 33. Rab1
Ra2+ 34. Ke3 R8a3 35. Rb7 Ra1 36. Rxa1 Rxa1 37. Rb2 Re1+ 38. Kd4 Re4+ 39. Kc5
Rxe5 40. Kd6 Re1 41. Rc2 Rd1 42. g3 Rd3 43. Kc5 h5 44. h4 Kf6 45. Kd6 Rf3 46.
Kd7 Kf5 47. Ke7 Ke4 48. Re2+ Kd3 49. Ra2 d4 50. cxd4 c3 51. Ra3 Rxf2 52. Kd6
Rf5 53. Ke7 Kxd4 54. Ra8 c2 55. Ra1 Kd3 0-1

[Event "12. Lichtenberger Sommer"]
[Site "Berlin"]
[Date "2013.08.22"]
[Round "6.61"]
[White "Bockrath, Hendrik"]
[Black "Engesser, Jonas"]
[Result "1/2-1/2"]
[WhiteElo "1382"]
[BlackElo "1824"]
[PlyCount "98"]
[EventDate "2013.??.??"]
[WhiteTeam "SC Kreuzberg e.V."]
[BlackTeam "SK Engen"]

1. d4 d5 2. c4 e6 3. Nf3 c5 4. Nc3 Nf6 5. Bg5 Be7 6. dxc5 Qa5 7. Qa4+ Qxa4 8.
Nxa4 dxc4 9. Ne5 Ne4 10. Bxe7 Kxe7 11. f3 f6 12. Nxc4 Bd7 13. fxe4 Bxa4 14. Na5
Na6 15. Rc1 Nxc5 16. Nxb7 Nxe4 17. Rc4 f5 18. Rxa4 Rhb8 19. Rxe4 fxe4 20. Nc5
e3 21. Nd3 e5 22. g3 e4 23. Bg2 exd3 24. exd3 Kd6 25. b3 Ke5 26. Bxa8 Rxa8 27.
Ke2 Kd4 28. Rc1 Re8 29. Rc4+ Kd5 30. a4 a5 31. b4 axb4 32. Rxb4 Rc8 33. Kxe3
Rc2 34. h4 Rg2 35. Kf3 Rd2 36. d4 Rd3+ 37. Kf4 Ra3 38. g4 Ra1 39. Kg5 Rg1 40.
Rb7 h6+ 41. Kh5 g6+ 42. Kxg6 Rxg4+ 43. Kh5 Re4 44. Rb5+ Kc4 45. d5 Rd4 46. Kxh6
Rxh4+ 47. Kg5 Rd4 48. d6 Rxd6 49. Ra5 Rd5+ 1/2-1/2

[Event "12. Lichtenberger Sommer"]
[Site "Berlin"]
[Date "2013.08.22"]
[Round "6.62"]
[White "Sappok, Marius"]
[Black "Sidabras, Jonas"]
[Result "1-0"]
[WhiteElo "1971"]
[BlackElo "1687"]
[PlyCount "58"]
[EventDate "2013.??.??"]
[WhiteTeam "SC Zugzwang 95 e.V."]
[BlackTeam "SC Kreuzberg e.V."]

1. Nf3 Nf6 2. c4 e6 3. g3 Nc6 4. Bg2 d6 5. O-O g6 6. d4 Bg7 7. Nc3 O-O 8. e4
Re8 9. h3 h6 10. Be3 e5 11. d5 Nb8 12. Ne1 Nbd7 13. b4 Nb6 14. Qb3 a5 15. a4
axb4 16. Qxb4 Nbd7 17. Nd3 b6 18. a5 Nc5 19. Nb2 Na6 20. Qa3 Nc5 21. Qb4 bxa5
22. Rxa5 Rxa5 23. Qxa5 Nb3 24. Qa7 Nd4 25. Nb5 c5 26. Qb8 Bf8 27. Kh2 Qe7 28.
Qb6 Qd7 29. Ra1 Qxh3+ 1-0

[Event "12. Lichtenberger Sommer"]
[Site "Berlin"]
[Date "2013.08.22"]
[Round "6.64"]
[White "Matitschka, Heinz"]
[Black "Zschäbitz, Klaus"]
[Result "0-1"]
[WhiteElo "1774"]
[BlackElo "2024"]
[PlyCount "140"]
[EventDate "2013.??.??"]
[WhiteTeam "TSG Oberschöneweide e.V."]
[BlackTeam "BSG 1827 Eckbauer e.V."]

1. d4 e6 2. c4 Nf6 3. Nc3 Bb4 4. e3 c5 5. Nge2 O-O 6. a3 cxd4 7. exd4 Be7 8.
Ng3 b6 9. Be2 Bb7 10. Bf3 Bxf3 11. Qxf3 Nc6 12. Be3 Na5 13. O-O Nxc4 14. b3
Nxe3 15. fxe3 d5 16. Rfd1 Rc8 17. Rd3 Bd6 18. e4 Bxg3 19. hxg3 dxe4 20. Nxe4
Nxe4 21. Qxe4 Qg5 22. Qf4 Qxf4 23. gxf4 g6 24. Rad1 Rfd8 25. Kf2 Rc2+ 26. Kf3
Rd5 27. R1d2 Rc7 28. Re2 h5 29. Re5 Rd6 30. Ke4 a6 31. Rg5 Kg7 32. Rgg3 Rc1 33.
Rc3 Rc6 34. Rxc6 Rxc6 35. Rd3 Kf6 36. b4 b5 37. Re3 Rc2 38. Kf3 Rc4 39. Ke4 Rc1
40. Kd3 Kf5 41. g3 f6 42. Kd2 Rc6 43. Kd3 h4 44. gxh4 Kxf4 45. Re1 Kg4 46. Rg1+
Kh5 47. Rh1 Rc8 48. Re1 Rc6 49. Rh1 Kh6 50. Re1 Kg7 51. Rg1 Kf7 52. Rf1 Rc7 53.
Re1 Rd7 54. Ke4 f5+ 55. Kd3 Kf6 56. Rc1 e5 57. Rc6+ Kf7 58. Rxa6 Rxd4+ 59. Ke2
Rxh4 60. Rb6 Rh2+ 61. Kf1 Ra2 62. Rxb5 Rxa3 63. Rxe5 Kf6 64. Rc5 Rb3 65. b5 Rb2
66. Rc6+ Kg5 67. b6 Kh5 68. Rd6 g5 69. Rd5 Kg4 70. Rd4+ f4 0-1

[Event "12. Lichtenberger Sommer"]
[Site "Berlin"]
[Date "2013.08.22"]
[Round "6.65"]
[White "Hess, Max"]
[Black "Schröter, Maik"]
[Result "1/2-1/2"]
[WhiteElo "2013"]
[BlackElo "1856"]
[PlyCount "66"]
[EventDate "2013.??.??"]
[WhiteTeam "Post-SV Memmingen e.V."]
[BlackTeam "SG Blau-Weiß Stadtilm"]

1. e4 Nc6 2. Nf3 e5 3. Bb5 a6 4. Ba4 Bc5 5. d3 d6 6. c3 b5 7. Bb3 h6 8. Nbd2
Nf6 9. Nf1 Ng4 10. d4 exd4 11. cxd4 Bb4+ 12. Bd2 Bxd2+ 13. N1xd2 O-O 14. O-O
Nf6 15. h3 Na5 16. Bc2 c5 17. e5 Ne8 18. Qe2 cxd4 19. Qe4 f5 20. Qxd4 Bb7 21.
a4 dxe5 22. Qxe5 Qd5 23. axb5 axb5 24. Qf4 Rc8 25. Bb1 Nc4 26. Ba2 Qd6 27. Qe5
Bxf3 28. Nxf3 Qxe5 29. Nxe5 Ned6 30. Rfd1 Kh7 31. Nf3 Ne4 32. b3 Na3 33. Rd7
Nc3 1/2-1/2

[Event "12. Lichtenberger Sommer"]
[Site "Berlin"]
[Date "2013.08.22"]
[Round "6.66"]
[White "Shapiro, Yosip"]
[Black "Mueller, Johannes"]
[Result "1-0"]
[WhiteElo "2112"]
[BlackElo "1835"]
[PlyCount "53"]
[EventDate "2013.??.??"]
[WhiteTeam "SV Berolina Mitte e.V."]
[BlackTeam "SC Friesen Lichtenberg e.V."]

1. Nf3 f5 2. e4 fxe4 3. Ng5 d5 4. d3 e5 5. dxe4 d4 6. Bc4 Nh6 7. Nf3 Bb4+ 8. c3
dxc3 9. Qa4+ Nc6 10. O-O Bd7 11. bxc3 Be7 12. Bxh6 gxh6 13. Qd1 Bf6 14. Nh4 Ke7
15. Qh5 Qf8 16. Nf5+ Bxf5 17. Qxf5 Qg7 18. Na3 a6 19. Nc2 Rhe8 20. Ne3 Bg5 21.
Rad1 Red8 22. Nd5+ Kd6 23. Nb6+ Kc5 24. Nxa8 Kxc4 25. Qe6+ Kb5 26. Qb3+ Kc5 27.
Rd5+ 1-0

[Event "12. Lichtenberger Sommer"]
[Site "Berlin"]
[Date "2013.08.22"]
[Round "6.67"]
[White "Costello, Colin"]
[Black "Acikel, Mert"]
[Result "1-0"]
[WhiteElo "1931"]
[BlackElo "1741"]
[PlyCount "41"]
[EventDate "2013.??.??"]
[WhiteTeam "SC Weisse Dame e.V."]
[BlackTeam "VfB Hermsdorf e.V."]

1. c4 e6 2. Nf3 d5 3. d4 Nf6 4. g3 Be7 5. Bg2 O-O 6. O-O b6 7. Nc3 Bb7 8. cxd5
exd5 9. Bf4 Na6 10. Rc1 c5 11. Qc2 h6 12. h4 Re8 13. Rfd1 Nb4 14. Qb1 a5 15. a3
Na6 16. Nb5 Ne4 17. Ne5 cxd4 18. Bxe4 g5 19. Bh7+ Kg7 20. Nxf7 Kxf7 21. Qg6+
1-0

[Event "12. Lichtenberger Sommer"]
[Site "Berlin"]
[Date "2013.08.22"]
[Round "6.68"]
[White "Alvarez, Luis"]
[Black "Merz, Rüdiger"]
[Result "0-1"]
[WhiteElo "1902"]
[BlackElo "1900"]
[PlyCount "104"]
[EventDate "2013.??.??"]
[WhiteTeam "Schachclub Zug um Zug Everswinke"]
[BlackTeam "SK Zehlendorf e.V."]

1. e4 c5 2. Nf3 d6 3. d4 cxd4 4. Nxd4 Nf6 5. Bd3 Nc6 6. Nxc6 bxc6 7. c4 g6 8.
Nc3 Bg7 9. O-O O-O 10. a3 e5 11. Be3 h6 12. Qd2 Kh7 13. Rad1 Qc7 14. f4 Nh5 15.
Ne2 Re8 16. Rf3 Rb8 17. h3 d5 18. cxd5 cxd5 19. fxe5 dxe4 20. Bxe4 Rxe5 21. Bd3
Bb7 22. Rf2 Rbe8 23. Bxa7 Bxg2 24. Bd4 Bxh3 25. Bxe5 Rxe5 26. Nf4 Rg5+ 27. Ng2
Be5 28. Qc2 Bh2+ 29. Kh1 f5 30. Qxc7+ Bxc7 31. Bc4 f4 32. Rd3 Bf5 33. Rfd2 Ng3+
34. Kg1 Bxd3 35. Rxd3 Bb6+ 36. Kh2 Rh5+ 37. Nh4 Rxh4+ 38. Kg2 Nf5 39. Rd7+ Ng7
40. a4 h5 41. Rd6 Ba5 42. Rd5 Bb6 43. a5 Be3 44. a6 Rg4+ 45. Kf3 Kh6 46. Rd3
Nf5 47. Ke4 Rg1 48. Kd5 f3 49. Kc6 Ra1 50. Rxe3 Nxe3 51. Bb5 h4 52. Kb6 h3 0-1

[Event "12. Lichtenberger Sommer"]
[Site "Berlin"]
[Date "2013.08.22"]
[Round "6.70"]
[White "Rauhut, Frank"]
[Black "Birkholz, Axel"]
[Result "1/2-1/2"]
[WhiteElo "1993"]
[BlackElo "1857"]
[PlyCount "59"]
[EventDate "2013.??.??"]
[WhiteTeam "SV Jenapharm Jena"]
[BlackTeam "SV Trossingen"]

1. d4 d5 2. c4 c6 3. cxd5 cxd5 4. Nc3 Nf6 5. Bf4 Nc6 6. e3 a6 7. Bd3 e6 8. Nf3
Bd6 9. Bg3 Qc7 10. Rc1 O-O 11. O-O Bd7 12. Bb1 Bxg3 13. hxg3 Qd6 14. Na4 Rac8
15. Nc5 Rc7 16. Qd3 Ne7 17. Nxd7 Qxd7 18. Ne5 Qd6 19. Ng4 Ng6 20. Nxf6+ gxf6
21. Rc3 Rfc8 22. Rfc1 b5 23. Rxc7 Rxc7 24. Rxc7 Qxc7 25. Qc2 Qxc2 26. Bxc2 a5
27. b4 axb4 28. Bd3 b3 29. axb3 b4 30. Kf1 1/2-1/2

[Event "12. Lichtenberger Sommer"]
[Site "Berlin"]
[Date "2013.08.22"]
[Round "6.71"]
[White "Grassi, Fabrizio"]
[Black "Lübke, Thomas"]
[Result "0-1"]
[WhiteElo "1957"]
[BlackElo "1964"]
[PlyCount "102"]
[EventDate "2013.??.??"]
[WhiteTeam "SV Berlin-Friedrichstadt"]
[BlackTeam "FVS ASP Hoyerswerda"]

1. d4 Nf6 2. Bf4 d6 3. e3 g6 4. Nf3 Bg7 5. Be2 Nbd7 6. h3 a6 7. a4 O-O 8. O-O
Rb8 9. Bh2 Re8 10. a5 b5 11. axb6 Rxb6 12. b3 Bb7 13. Nbd2 Ne4 14. Nxe4 Bxe4
15. Bxa6 c5 16. Be2 Qc7 17. Nd2 Bc6 18. Nc4 Rb4 19. Qd2 Reb8 20. Ra3 cxd4 21.
exd4 Nf6 22. f3 Nd5 23. Rfa1 R4b7 24. Bg3 Nb4 25. c3 Nd5 26. Na5 Rb6 27. Nxc6
Qxc6 28. c4 Nf6 29. d5 Qc8 30. Bd1 Nd7 31. Rb1 Qc5+ 32. Bf2 Qxa3 33. Bxb6 Nxb6
34. Qe2 Qc5+ 35. Kh1 Bf6 36. Bc2 Ra8 37. Rd1 Qb4 38. f4 Nd7 39. g4 Qc3 40. Rd3
Ra1+ 41. Kg2 Qe1 42. Qxe1 Rxe1 43. Kf2 Rc1 44. Rd2 h6 45. b4 Bc3 46. Re2 Bxb4
47. Ba4 Nc5 48. Bb5 Kf8 49. Ra2 g5 50. f5 Kg7 51. Ra8 Kf6 0-1

[Event "12. Lichtenberger Sommer"]
[Site "Berlin"]
[Date "2013.08.22"]
[Round "6.72"]
[White "Alten, Silvio"]
[Black "Fuchs, Jörg"]
[Result "1/2-1/2"]
[WhiteElo "1887"]
[BlackElo "1862"]
[PlyCount "104"]
[EventDate "2013.??.??"]
[WhiteTeam "Treptower SV 1949 e.V."]
[BlackTeam "SC Kreuzberg e.V."]

1. e4 e5 2. Nf3 d6 3. d4 exd4 4. Nxd4 Nf6 5. Nc3 Be7 6. Bd3 c5 7. Nde2 Nc6 8.
Nf4 O-O 9. O-O Ne5 10. Be2 Re8 11. Nfd5 Nxd5 12. Nxd5 Ng6 13. Bg4 Bf6 14. Re1
Be6 15. c3 Be5 16. g3 Bxd5 17. Qxd5 Qc7 18. Bg5 Ne7 19. Qc4 h6 20. Be3 b5 21.
Qxb5 Rab8 22. Qe2 Qb7 23. Bc1 d5 24. f4 Bc7 25. Bd7 Red8 26. Ba4 d4 27. cxd4
Rxd4 28. Bc2 Rbd8 29. Be3 R4d7 30. b3 Nc6 31. Qc4 Nd4 32. Kf2 Nxc2 33. Qxc2 Rd3
34. e5 c4 35. bxc4 Ba5 36. Red1 Qe4 37. Rxd3 Rxd3 38. Qe2 Rc3 39. Rc1 Ra3 40.
Rd1 Rc3 41. Rc1 Rxc1 42. Bxc1 Qh1 43. Ba3 Qxh2+ 44. Kf3 Qh1+ 45. Ke3 Qg1+ 46.
Qf2 Qa1 47. Qe2 Qc3+ 48. Qd3 Qe1+ 49. Kf3 Qh1+ 50. Kf2 Qh2+ 51. Kf1 Qh1+ 52.
Kf2 Qh2+ 1/2-1/2

[Event "12. Lichtenberger Sommer"]
[Site "Berlin"]
[Date "2013.08.22"]
[Round "6.74"]
[White "Graf, Anton"]
[Black "Casny, Guenter"]
[Result "1/2-1/2"]
[WhiteElo "1830"]
[BlackElo "1835"]
[PlyCount "249"]
[EventDate "2013.??.??"]
[WhiteTeam "OSG Baden-Baden"]
[BlackTeam "SC Rochade e.V."]

1. e4 d6 2. d4 g6 3. f4 Bg7 4. Nf3 a6 5. Nc3 Nd7 6. Be2 b5 7. a3 Bb7 8. O-O
Ngf6 9. e5 Ne4 10. Bd3 Nxc3 11. bxc3 e6 12. Qe1 d5 13. a4 c6 14. Kh1 h5 15. Nh4
Nf8 16. Qg3 Bh6 17. Ba3 Kd7 18. Bd6 Qe8 19. Rab1 Kc8 20. axb5 cxb5 21. Qe1 Bc6
22. Qc1 Qd8 23. Nf3 f5 24. g3 Kd7 25. Qa3 Ke8 26. Ra1 Kf7 27. Qc5 Qd7 28. Ra2
Nh7 29. Rfa1 Bb7 30. Ra5 Rhc8 31. Qa3 Qc6 32. Bc5 Rg8 33. h4 Rgc8 34. Nd2 Nf8
35. Qb2 Nd7 36. Bb4 Nb6 37. Qc1 Nc4 38. R5a2 Bf8 39. Nb3 Bxb4 40. cxb4 Qb6 41.
Nc5 Rc7 42. Kh2 Bc8 43. Qe1 Rca7 44. Nb3 Bd7 45. Bf1 Bc8 46. Bg2 Rc7 47. Nc5
Rca7 48. Nb3 Rc7 49. Qe2 Rca7 50. Nc5 Rc7 51. Re1 Rca7 52. Bxd5 exd5 53. e6+
Ke7 54. Raa1 Qc6 55. Qf3 Nd2 56. Qd1 Ne4 57. Rxe4 fxe4 58. f5 gxf5 59. Qxh5
Bxe6 60. Qg5+ Kf7 61. Qh5+ Kg8 62. Qg6+ Rg7 63. Qxe6+ Qxe6 64. Nxe6 Re7 65. Nf4
Rd7 66. c3 Rd6 67. Kg2 Kh7 68. Kf2 Rg8 69. Ne2 Rg4 70. Nf4 Kh6 71. Rg1 Rg8 72.
Ke3 Rc8 73. Ne2 Rg8 74. Kf4 Rc6 75. Kxf5 Rf8+ 76. Ke5 Rf2 77. Kxd5 Rc4 78. Re1
e3 79. Ke4 Rf7 80. Kxe3 Rc8 81. Kd2 Rf2 82. Ke3 Rf6 83. Rd1 Re8+ 84. Kd2 Rf2
85. Re1 Kh5 86. Kd1 Kg4 87. h5 Rh8 88. Rh1 Re8 89. Rh4+ Kf3 90. Rf4+ Kg2 91.
Rxf2+ Kxf2 92. Nf4 Kxg3 93. Nd5 Re6 94. Kd2 Kf3 95. Kd3 Rh6 96. Nc7 Kf4 97.
Nd5+ Kf3 98. Nc7 Kf4 99. Nd5+ Kf3 100. Ne7 Rxh5 101. c4 bxc4+ 102. Kxc4 Ke4
103. d5 Ke5 104. Kc5 Rg5 105. Kc6 Rg1 106. d6 Ke6 107. Nc8 Rc1+ 108. Kb7 Kd7
109. Nb6+ Kxd6 110. Kxa6 Ra1+ 111. Kb5 Kc7 112. Nd5+ Kb7 113. Nc3 Rc1 114. Na4
Kc7 115. Nc5 Rc2 116. Na6+ Kd6 117. Nc5 Rc1 118. Kb6 Rc2 119. Ne4+ Kd7 120. b5
Kc8 121. Nc5 Rb2 122. Kc6 Kb8 123. b6 Kc8 124. b7+ Rxb7 125. Nxb7 1/2-1/2

[Event "12. Lichtenberger Sommer"]
[Site "Berlin"]
[Date "2013.08.22"]
[Round "6.75"]
[White "Deutschbein, Christopher"]
[Black "Kurbel, Horst-Peter"]
[Result "1-0"]
[WhiteElo "2003"]
[BlackElo "1845"]
[PlyCount "29"]
[EventDate "2013.??.??"]
[WhiteTeam "Bille SC von 1924 e.V."]
[BlackTeam "FC Bayern München e.V."]

1. e4 c5 2. Nc3 d6 3. f4 g6 4. Bc4 e6 5. Nf3 Bg7 6. O-O Nc6 7. d3 Nd4 8. Nxd4
Bxd4+ 9. Kh1 Ne7 10. f5 d5 11. exd5 exd5 12. Bb5+ Bd7 13. Bg5 f6 14. fxg6 fxg5
15. g7 1-0

[Event "12. Lichtenberger Sommer"]
[Site "Berlin"]
[Date "2013.08.22"]
[Round "6.76"]
[White "Zesewitz, Martin"]
[Black "Junge, Wolfgang"]
[Result "0-1"]
[WhiteElo "1863"]
[BlackElo "1819"]
[PlyCount "35"]
[EventDate "2013.??.??"]
[WhiteTeam "SF Friedrichshagen"]
[BlackTeam "SC Friesen Lichtenberg e.V."]

1. f4 d5 2. Nf3 g6 3. e3 Bg7 4. d4 Nf6 5. Bd3 O-O 6. O-O Nbd7 7. Nbd2 e6 8. Ne5
c5 9. c3 b6 10. Qe1 Bb7 11. Rf3 Ne4 12. Rh3 f5 13. Ndf3 Nxe5 14. dxe5 Qe7 15.
Bd2 Rad8 16. Qe2 h6 17. Nh4 Qf7 18. Rg3 0-1

[Event "12. Lichtenberger Sommer"]
[Site "Berlin"]
[Date "2013.08.22"]
[Round "6.77"]
[White "Kujawa, Werner"]
[Black "Schubert, Joachim"]
[Result "1-0"]
[WhiteElo "1814"]
[BlackElo "1814"]
[PlyCount "137"]
[EventDate "2013.??.??"]
[WhiteTeam "SV Motor Wildau e.V."]
[BlackTeam "SC Friesen Lichtenberg e.V."]

1. d4 d5 2. c4 e6 3. Nc3 Nf6 4. Bg5 Be7 5. Nf3 Nbd7 6. e3 b6 7. cxd5 Nxd5 8.
Nxd5 exd5 9. Bxe7 Qxe7 10. Rc1 Qb4+ 11. Qd2 Qxd2+ 12. Kxd2 c5 13. Bb5 c4 14.
Bc6 Rb8 15. Bxd5 b5 16. b3 cxb3 17. axb3 O-O 18. b4 Nf6 19. Bb3 Bb7 20. Ke2 Bd5
21. Bc2 Rfc8 22. Bd3 Bc4 23. Ne5 Nd5 24. Bxc4 bxc4 25. Rxc4 Rxc4 26. Nxc4 Rxb4
27. Rc1 h6 28. Ne5 f6 29. Rc8+ Kh7 30. Nc6 Ra4 31. Rd8 Nc3+ 32. Kd3 Ra3 33. Kc4
Nd1 34. d5 Nxf2 35. d6 Ne4 36. d7 Nd6+ 37. Kb4 Rd3 38. Rh8+ Kxh8 39. d8=Q+ Kh7
40. Nxa7 Rd2 41. Nc8 Nc4 42. Qf8 Nxe3 43. Kc3 Rd7 44. Qe8 Rc7+ 45. Kd4 Nf5+ 46.
Kd3 g6 47. Qd8 Rf7 48. g4 Nh4 49. Nd6 Ra7 50. Qxf6 g5 51. Nf7 Ng6 52. Ke4 Ra4+
53. Kd5 Rf4 54. Nxg5+ hxg5 55. Qxg5 Ra4 56. Ke6 Re4+ 57. Kd5 Ra4 58. Kc6 Re4
59. h4 Re5 60. Qf6 Ra5 61. Kb6 Ra4 62. Qf7+ Kh6 63. g5+ Kh5 64. Qh7+ Kg4 65.
Qxg6 Kxh4 66. Qh6+ Kg4 67. g6 Rb4+ 68. Kc5 Ra4 69. g7 1-0

[Event "12. Lichtenberger Sommer"]
[Site "Berlin"]
[Date "2013.08.22"]
[Round "6.78"]
[White "Korb, Viktor"]
[Black "Kuckel, Andreas"]
[Result "1/2-1/2"]
[WhiteElo "1691"]
[BlackElo "1937"]
[PlyCount "59"]
[EventDate "2013.??.??"]
[WhiteTeam "SF Siemensstadt"]
[BlackTeam "SV Motor Wildau e.V."]

1. e4 c5 2. Nf3 a6 3. c3 e6 4. d4 d5 5. e5 Nc6 6. Be3 Qb6 7. Qc2 Bd7 8. Bd3
cxd4 9. Bxd4 Nxd4 10. cxd4 Rc8 11. Nc3 f5 12. exf6 Nxf6 13. O-O Bd6 14. Rad1
O-O 15. Qb1 Qc7 16. Rde1 h6 17. Ne5 Bxe5 18. Rxe5 Ng4 19. Bh7+ Kh8 20. Rh5 Nf6
21. Bg6 Nxh5 22. Bxh5 Rf4 23. Bd1 Rxd4 24. Qg6 Be8 25. Qxe6 Bf7 26. Qe3 Rh4 27.
Qg3 Qxg3 28. fxg3 d4 29. gxh4 dxc3 30. Rxf7 1/2-1/2